[Event "Malmo Masters 1st"]
[Site "Malmo"]
[Date "2003.08.05"]
[Round "8"]
[White "Sebag, Marie"]
[Black "Berg, Emanuel"]
[Result "0-1"]
[WhiteElo "2432"]
[BlackElo "2495"]
[Annotator "Mueller,Karsten"]
[PlyCount "112"]
[EventDate "2003.07.28"]
[EventType "tourn"]
[EventRounds "9"]
[EventCountry "SWE"]
[EventCategory "9"]
[SourceTitle "CBM 097"]
[Source "ChessBase"]
[SourceDate "2003.11.11"]
[SourceVersion "1"]
[SourceVersionDate "2003.11.11"]
[SourceQuality "1"]

1. e4 e6 2. d4 d5 3. Nd2 Nf6 4. e5 Nfd7 5. Bd3 c5 6. c3 Nc6 7. Ne2 cxd4 8. cxd4
f6 9. exf6 Nxf6 10. Nf3 Bd6 11. O-O Qc7 12. Bg5 O-O 13. Bh4 Nh5 14. Qc2 h6 15.
Bh7+ Kh8 16. Bg6 Rxf3 17. Bxh5 (17. gxf3 Bxh2+ 18. Kg2 (18. Kh1 Nf4 $44 {
1-0 Pelikian,J-De Souza Haro,P/Brasilia 2000/CBM 74 ext (51)}) 18... Nf4+ 19.
Nxf4 Qxf4 20. Bg3 Bxg3 21. fxg3 Qf6 22. Rad1 Bd7 23. f4 Nxd4 24. Qc3 Qxg6 25.
Qxd4 Rc8 26. Rc1 Rxc1 27. Rxc1 Bc6 28. Re1 a6 29. Rc1 Qg4 30. Re1 {1/2-1/2
Wieder,H-Namyslo,H/Schwabisch Gmund 2002/EXT 2003 (30)}) 17... Rf8 18. Bg3 Bd7
(18... Bxg3 19. fxg3 Bd7 20. Nf4 Kg8 21. Bg6 Rf6 22. Bh7+ Kh8 23. Ng6+ Kxh7 24.
Rxf6 gxf6 25. Nf8+ Kg7 26. Qg6+ Kxf8 27. Qxf6+ Ke8 28. Rf1 Qd6 29. Qh8+ {
1/2-1/2 Grigoriants,S-Kosyrev,V/Elista 2000/CBM 79 (29)}) 19. Rac1 (19. Rfe1
Rac8 20. Qd2 Rf6 21. Rac1 Rcf8 22. Bxd6 Qxd6 23. f4 Ne7 24. g3 Qb6 {1/2-1/2
Zesch,L-Willsch,M/Germany 2001/CBM 82 ext (24)}) 19... Rf6 (19... Bxg3 20. hxg3
Qb6 21. Qd2 Be8 22. Bf3 Bf7 23. Rfd1 Rad8 24. b3 Rfe8 25. Nf4 $14 {1-0 Oral,
T-Chytilek,R/CZE 2001/EXT 2003 (37)}) (19... Rac8 20. Qd2 Bxg3 21. hxg3 Qb6 22.
Nf4 $14 {1/2-1/2 Sermek,D-Gleizerov,E/Saint Vincent 2001/CBM 80 ext (33)}) 20.
Bg6 (20. Bh4 $2 Rff8 $2 (20... Bxh2+ 21. Kh1 g5 $17) 21. Bg3 Rf6 22. Bh4 {
1/2-1/2 Goldenberg,D-Kosyrev,V/Montreal 2001/CBM 85 (22).}) (20. Bxd6 $5 Qxd6
21. f4 $11 {/+/=}) 20... Bxg3 21. hxg3 Raf8 (21... Qb6 $5) 22. Nf4 Rxf4 $5 23.
gxf4 Qxf4 24. Rfd1 $2 (24. Bd3 $1 Qxd4 (24... Nxd4 25. Qc7 $132) 25. Rcd1 Qf6
26. Qb3 $132 {[%cal Gd3b1,Gb3d3]}) 24... Qf6 $1 25. Bd3 Nxd4 26. Qd2 e5 27. Qe3
Bc6 28. Rd2 {[%cal Gd4e6,Ge6f4]} Ne6 $5 {[%mdl 32] eine typische
Angriffsstrategie: der Springer macht von f4 aus mehr Druck gegen den König
und den Weg für die mobilen Zentralbauern frei.} 29. f3 Nf4 30. Re1 (30. Qxa7
e4 31. fxe4 dxe4 32. Rxc6 (32. Bf1 Nh3+ 33. gxh3 Qg5+ $19) 32... bxc6 33. Bxe4
Nh3+ 34. gxh3 Qf1+ 35. Kh2 Qf4+ $19 {[%cal Gf4h2,Gf4d2]}) 30... Qg5 31. Kh2 $6
Qh4+ 32. Kg1 Qg5 33. Kh2 $6 Re8 $6 (33... e4 34. fxe4 Qh4+ 35. Kg1 d4 $3 $19)
34. Bb1 $6 (34. Red1 $142 $17) 34... Qh4+ 35. Kg1 Qg3 36. Kh1 Qh4+ 37. Kg1 Qg5
38. Kh2 d4 39. Qf2 Qh5+ {Emanuel Berg will erst die Zeitkontrolle schaffen, um
die folgenden Verwicklungen nochmal genau prüfen zu können.} 40. Kg1 Qg5 41.
Kh2 {[%tqu "En","Black to move and win","","","c6f3","",6,"De","Schwarz zieht
und gewinnt","","","c6f3","",6]} Bxf3 42. Qg3 (42. gxf3 $2 Qh5+ 43. Kg1 (43.
Kg3 $2 Qh3#) 43... Nh3+ $19) (42. Qxf3 $2 Qh4+ 43. Kg1 Qxe1+ $19) 42... Qxg3+
43. Kxg3 Bc6 44. Be4 Bxe4 45. Rxe4 Nh5+ 46. Kf2 Nf6 47. Re1 Kh7 48. Rc2 $6 (48.
Ke2 {war zäher.}) 48... e4 49. Rc7 d3 50. Rf1 e3+ 51. Ke1 e2 52. Rg1 Nd5 53.
Rd7 Nb4 54. Kf2 Rf8+ 55. Ke1 Nc2+ 56. Kd2 Rf1 0-1

[Event "EU-Cup 19th"]
[Site "Rethymno"]
[Date "2003.09.30"]
[Round "3.2"]
[White "Hracek, Zbynek"]
[Black "Ostenstad, Berge"]
[Result "1/2-1/2"]
[WhiteElo "2584"]
[BlackElo "2469"]
[Annotator "Mueller,Karsten"]
[PlyCount "77"]
[EventDate "2003.09.28"]
[EventType "team-swiss"]
[EventRounds "7"]
[EventCountry "GRE"]
[SourceTitle "CBM 098"]
[Source "ChessBase"]
[SourceDate "2004.02.03"]
[SourceVersion "1"]
[SourceVersionDate "2004.02.03"]
[SourceQuality "1"]
[WhiteTeam "Werder Bremen"]
[BlackTeam "Asker"]
[WhiteTeamCountry "GER"]
[BlackTeamCountry "NOR"]

1. e4 e6 2. d4 d5 3. Nd2 Be7 4. Ngf3 Nf6 5. e5 Nfd7 6. c3 c5 7. Bd3 Nc6 8. O-O
a5 9. Re1 cxd4 10. cxd4 Nb6 11. Nb1 a4 12. a3 Bd7 13. Nc3 Na5 14. Bc2 (14. Rb1
Bc6 $6 (14... Nac4 15. Bf4 h6 $11 {/+/=}) 15. Nd2 Qd7 16. Re3 g6 17. Rh3 Bf8
18. Nf3 h6 19. Bg5 Bg7 20. Bf6 Bxf6 21. exf6 Nac4 22. Qc1 h5 23. Qc2 Qc7 24.
Re1 $14 {1-0 Siefring,C-Lutzenberger,R/IECG Email 2001/MegaCorr3 (54)}) 14...
Nac4 15. Rb1 h6 16. Ne2 Qc7 17. Nf4 g6 (17... Rc8 18. Nh5 g6 19. Nf6+ Bxf6 20.
exf6 Ne3 21. Bxe3 Qxc2 22. Qxc2 Rxc2 23. Ne5 Nc4 24. Rec1 $14) 18. h3 Rc8 19.
Bd3 Na5 20. Nd2 Nbc4 21. Nxc4 Nxc4 22. Bxg6 $5 fxg6 23. Nxg6 Rg8 24. Qh5 Kd8
25. Qxh6 Rxg6 (25... Be8 $5 26. Nf4 Qa5 27. Be3 Bd7 28. Nxe6+ Bxe6 29. Qxe6 Rf8
$13) 26. Qxg6 Qb6 27. Bg5 (27. Rd1 $5 Kc7 28. Qh7 {war eine Möglichkeit, dem
sofortigen Remis auszuweichen.}) 27... Qxd4 $11 28. Bxe7+ Kxe7 29. Qf6+ Ke8 30.
Qh8+ Ke7 31. Qf6+ Ke8 32. Rbd1 Qc5 33. Rd3 Qf8 34. Rg3 Qxf6 35. exf6 e5 36. Rg7
Rc6 37. Rg8+ Kf7 38. Rg7+ Ke8 39. Rg8+ 1/2-1/2

[Event "Asia-ch 4th"]
[Site "Doha"]
[Date "2003.02.26"]
[Round "5"]
[White "Ghaem Maghami, Ehsan"]
[Black "Barua, Dibyendu"]
[Result "1-0"]
[WhiteElo "2500"]
[BlackElo "2541"]
[Annotator "Mueller,Karsten"]
[PlyCount "131"]
[EventDate "2003.02.22"]
[EventType "swiss"]
[EventRounds "9"]
[EventCountry "QAT"]
[SourceTitle "CBM 094"]
[Source "ChessBase"]
[SourceDate "2003.05.26"]
[SourceVersion "1"]
[SourceVersionDate "2003.05.26"]
[SourceQuality "1"]

1. e4 e6 2. d4 d5 3. Nd2 Nf6 4. e5 Nfd7 5. Bd3 c5 6. c3 Nc6 7. Ndf3 Qa5 8. Bd2
Qb6 9. Qc2 cxd4 (9... h6 10. h4 (10. Ne2 $2 c4 11. Bh7 Ne7 12. Nh4 Kd8 $17 {
[%cal Gg7g6]}) 10... cxd4 11. cxd4 Nxd4 12. Nxd4 Qxd4 13. Nf3 Qg4 14. Be3 Qb4+
15. Bd2 Qg4 16. Be3 Qb4+ 17. Bd2 Qg4 {1/2-1/2 Holzke,F-Bunzmann,D/Germany 2002/
EXT 2003 (17)}) 10. cxd4 Nxd4 (10... Nb4 11. Bxb4 Bxb4+ 12. Kf1 h6 13. Ne2 O-O
14. h4 Nb8 15. Ng5 Qc6 16. Qb3 Qb6 17. Bh7+ Kh8 18. Qd3 Qa6 19. Qe3 Nc6 20. Bd3
{1/2-1/2 Ljubojevic,L-Timman,J/Tilburg 1987/CBM 04 (20)}) 11. Nxd4 Qxd4 12. Nf3
Qc5 (12... Qb6 13. O-O h6 14. Rac1 Be7 15. Be3 Qb4 16. a3 Qa5 17. b4 Qd8 18.
Qd2 b6 19. Rc2 Bb7 20. Rfc1 Rc8 21. Rxc8 Bxc8 22. Rc2 Bb7 23. Qc1 Qb8 24. Bb5
Bd8 25. Bd4 a6 26. Bxd7+ Kxd7 27. a4 Bc7 28. h4 {1/2-1/2 Seiler,A-Falato,J/
CL2-1998.13 IECC 1998/MegaCorr2 (28).}) 13. Qa4 a6 $6 14. O-O b5 $6 15. Qg4 h6
$2 (15... Qc7 $142) 16. Rac1 Qa7 (16... Qb6 17. Be3 Qd8 18. Rc6 $40) 17. Be3
Qb8 18. Bg6 $3 {[%mdl 640] von diesem Hammerschlag wird sich Schwarz nicht
mehr erholen} Be7 (18... fxg6 $2 19. Qxe6+ Kd8 20. Ng5 hxg5 21. Bxg5+ Nf6 22.
Bxf6+ gxf6 23. Qxf6+ $18) 19. Qxe6 Nxe5 $2 (19... Rf8 20. Bh5 Qb7 (20... g6 $2
21. Bxg6 fxg6 22. Qxg6+ Kd8 23. Bxh6 Re8 24. Bf4 $18) 21. Rfd1 $40) 20. Rxc8+
$1 $18 Qxc8 21. Qxe5 O-O (21... fxg6 $6 22. Qxg7 Rf8 23. Qxg6+ Kd7 $6 24. Ne5+
$18) 22. Qxd5 Qd8 23. Qb3 Qd6 24. Be4 Rad8 25. Bb1 Rc8 26. a4 Qb4 27. Qxb4 Bxb4
28. axb5 axb5 29. Nd4 Bc5 30. Nxb5 Bxe3 31. fxe3 Rb8 32. Bd3 Rfe8 33. Bc4 Rxe3
34. Rxf7 Kh8 35. b3 Rd8 36. Nc7 Rd2 37. Rf1 g5 38. Nd5 Re5 39. Nf6 Ra5 40. Ne4
Rd4 41. Nc3 Rd2 42. Ne2 Rb2 43. g4 Raa2 44. Kf2 Rd2 45. Ke3 Rd8 46. Rf6 Kg7 47.
Rf7+ Kg6 48. Re7 Kf6 49. Re6+ Kg7 50. Bd3 Rb2 51. Rg6+ Kf7 52. Rb6 Re8+ 53. Kf3
Rd8 54. Bc4+ Kg7 55. Ng3 Rxh2 56. Nh5+ Kf8 57. Rxh6 Rd4 58. Rh7 Rh3+ 59. Ke2
Re4+ 60. Kd2 Rd4+ 61. Kc2 Rf3 62. Ng7 Rxg4 (62... Rxc4+ 63. bxc4 Kg8 64. Rh5
Kxg7 65. Rxg5+ $18) 63. Ne6+ Kg8 (63... Ke8 64. Bb5#) 64. Nxg5+ Rxc4+ 65. bxc4
Rf5 66. Rh5 1-0

[Event "EU-ch 4th"]
[Site "Istanbul"]
[Date "2003.05.31"]
[Round "2"]
[White "Jobava, Baadur"]
[Black "Zueger, Beat"]
[Result "1-0"]
[WhiteElo "2566"]
[BlackElo "2448"]
[Annotator "Mueller,Karsten"]
[PlyCount "65"]
[EventDate "2003.05.30"]
[EventType "swiss"]
[EventRounds "13"]
[EventCountry "TUR"]
[SourceTitle "CBM 096"]
[Source "ChessBase"]
[SourceDate "2003.09.25"]
[SourceVersion "1"]
[SourceVersionDate "2003.09.25"]
[SourceQuality "1"]

1. e4 e6 2. d4 d5 3. Nd2 Nf6 4. e5 Nfd7 5. c3 c5 6. Bd3 Nc6 7. Ne2 cxd4 8. cxd4
f6 9. exf6 Nxf6 10. Nf3 Bd6 11. O-O O-O 12. Bf4 Bxf4 13. Nxf4 Ne4 14. Ne2 Rxf3
{eine viel diskutierte Hauptvariante des Tarrasch Franzossen. Schwarz hofft,
genügend Spiel gegen d4 und den geschwächten Königsflügel erzeugen zu können,
bevor Weiß sich soweit konsolidiert hat, dass seine Türme zur Geltung kommen
können.} 15. gxf3 Ng5 16. Kh1 e5 17. dxe5 Nxe5 18. Ng1 Qf6 19. Be2 Bd7 20.
Qxd5+ Kh8 21. Rfd1 (21. Rad1 $6 Ngxf3 $1 22. Qd6 Bc6 23. Qxf6 gxf6 $11 {
1/2-1/2 Khamrakulov,I-David,V/Condom 2002/CBM 89 ext (34)}) 21... Bc6 22. Qd6
Ne6 23. Rac1 {eine kritische Stellung des Qualitätsopfers ist entstanden. ich
denke, dass nur 23...Te8 oder 23...h6 Schwarz Aussichten auf volle
Kompensation gibt.} Nf7 $2 $146 (23... Re8 $1 24. Rc3 h6 25. a3 $5 (25. h3 $2
Qg5 $17 26. Qd2 Nf4 27. Bf1 Bb5 28. Qe1 Re6 29. Re3 Rg6 {0-1 Dudley,B-Galiano
Martinez,A/IECG Email 1999/MegaCorr3 (29)}) (25. Re3 $2 Ng4 $36 {1-0
Lhagvasuren,C-Maksimovic,B/Cheliabinsk 1990/EXT 2000 (45)}) 25... g5 (25... g6
$5) 26. h3 g4 $2 27. Re3 Nxf3 28. Nxf3 gxf3 29. Bd3 Qh4 30. Bf1 Rd8 31. Qe5+
Ng7 32. Rd6 Rxd6 33. Qxd6 Kg8 34. Re7 Qxf2 35. Rxg7+ {1-0 Fuhrwerk,K-Elburg,J/
ICCF Email 1998/MegaCorr3 (35).}) 24. Qb4 a5 (24... Nf4 25. Bf1 Ne5 26. Qd6 $16
) 25. Qc3 Ne5 26. Rd6 Qf5 27. Rcd1 $2 (27. Bf1 Nf4 (27... Ng5 $6 28. Qxa5 Qf8
29. Rdxc6 $18) 28. Qxa5 Re8 29. Re1 $16) 27... Ng4 28. Nh3 Ne5 $2 (28... Nf6
29. Qc4 Re8 30. Ng1 Nf4 31. Bf1 Ng4 $44) 29. Ng5 $2 (29. Rxe6 Qxe6 30. Ng5 Qf6
31. Qxe5 $18) 29... Qxg5 $17 30. Rxe6 Ng4 31. Qd4 Qh4 32. Rh6 {brillant, aber
leider nicht korrekt...} (32. Qxg4 Qxg4 33. Rxc6 Qa4 34. Rcd6 g6 $17) 32...
Qxf2 (32... Nxh6 $4 33. Qxh4 $18) (32... Qxh6 $2 33. Qxg4 Qf6 $15) 33. Qd8+ {
Ist das Ergebnis richtig? 0-1 macht mehr Sinn.} (33. Qd8+ Be8 34. Qxa8 (34. Qh4
gxh6 35. Qxg4 Qxe2 36. Qd4+ Kg8 37. Qd5+ Kf8 $19) 34... Qxe2 $19) 1-0

[Event "EU-ch 4th"]
[Site "Istanbul"]
[Date "2003.05.30"]
[Round "1"]
[White "Timofeev, Artyom"]
[Black "Zaja, Ivan"]
[Result "1-0"]
[WhiteElo "2577"]
[BlackElo "2417"]
[Annotator "Mueller,Karsten"]
[PlyCount "80"]
[EventDate "2003.05.30"]
[EventType "swiss"]
[EventRounds "13"]
[EventCountry "TUR"]
[SourceTitle "CBM 096"]
[Source "ChessBase"]
[SourceDate "2003.09.25"]
[SourceVersion "1"]
[SourceVersionDate "2003.09.25"]
[SourceQuality "1"]

1. e4 e6 2. d4 d5 3. Nd2 Nf6 4. e5 Nfd7 5. Bd3 c5 6. c3 Nc6 7. Ne2 cxd4 8. cxd4
f6 9. exf6 Qxf6 {Dieser Versuch, den stark ausgetretenen Varianten nach 9...
Sxf6 auszuweichen, wird nach wie vor recht häufig angewandt.} 10. Nf3 h6 {
nimmt Weiß g5, gibt ihm aber g6, weshalb Schwarz später häufig zu Sf8 und Le8
greift.} 11. O-O Bd6 12. Ng3 O-O 13. Bc2 Rf7 $5 (13... Rd8 14. Re1 Nf8 15. Ne5
Qh4 16. f4 $14) 14. Nh5 $5 {dieser aktive Zug ist vermutlich der kritische
Test von ...Tf7} Qd8 (14... Qe7 15. Re1 Nf8 16. Ng3 $14) 15. Bg6 Re7 16. Bf4 {
eine der Idee von Sh5 besteht darin, diesen Läufer nicht passiv nach e3 zu
stellen, sondern direkt abzutauschen} Nf8 17. Bc2 (17. Bd3 Bxf4 18. Nxf4 Qd6
19. Qd2 Rf7 20. Ne2 Bd7 21. Qe3 Be8 22. Ne5 $14 {0-1 Rizouk,A-Ulibin,M/Abu
Dhabi 2001/EXT 2002 (74)}) 17... Rf7 18. Bg3 $5 $14 (18. Qd2 Bxf4 19. Nxf4 Qd6
20. Ne2 Bd7 21. Qe3 Be8 22. Rad1 Nb4 23. Bb1 Bb5 24. Rfe1 Bxe2 25. Rxe2 Rc7 $14
{1/2-1/2 Sermek,D-Dimitrov,V/Pardubice 1999/EXT 2000 (60)}) 18... g6 19. Bh4
Be7 20. Bxe7 Qxe7 21. Ng3 e5 $6 22. Nxe5 (22. Bb3 $5 {kam stark in Betracht, z.
B.} e4 23. Ne5 Nxe5 24. dxe5 Be6 25. Bxd5 Rd8 26. Bxe6 Rxd1 27. Bxf7+ Kxf7 28.
Raxd1 $16) 22... Nxe5 23. dxe5 Qxe5 24. Bb3 Be6 25. Qd2 Qf4 26. Qd3 Qf6 27.
Rae1 a5 28. f4 $5 {[%mdl 32] Weiß spielt auf Angriff am Königsflügel, denn
alle seine Figuren sind dafür gut aufgestellt und der schwarze
Bauernschutzwall ist etwas luftig.} a4 29. Bc2 Qxb2 $2 {diese Vernachlässigung
der Verteidigung kommt Schwarz teuer zu stehen.} (29... Rc8 {oder}) (29... Ra6
{waren besser.}) 30. f5 $1 $16 gxf5 31. Nxf5 Bxf5 32. Rxf5 Rxf5 33. Qxf5 Qd4+
34. Kh1 Rd8 $6 (34... Qg7 {war zäher.}) 35. Re7 Qa1+ (35... b5 36. Qf7+ Kh8 37.
h3 Qb2 38. Qf4 $18) (35... Qb2 36. Qf1 Rc8 37. h3 $18) 36. Bb1 Qc3 (36... Qb2
37. h4 Qd4 38. g3 $18) 37. Qg4+ Kh8 {[%tqu "En","White to move and win","","",
"g4f4","",7,"De","Weiß zieht und gewinnt","","","g4f4","",7]} 38. Qf4 $1 {
[%mdl 128] a bone crusher ein Hammer} Qa1 39. Qxh6+ Kg8 40. Qg5+ Kh8 (40... Kh8
41. Qf5 Kg8 42. Re3 Rd7 43. Rg3+ Rg7 44. Rf3 $18) 1-0

[Event "EU-ch 4th"]
[Site "Istanbul"]
[Date "2003.06.08"]
[Round "9"]
[White "Kotronias, Vasilios"]
[Black "Iljushin, Alexei"]
[Result "1-0"]
[WhiteElo "2597"]
[BlackElo "2556"]
[Annotator "Mueller,Karsten"]
[PlyCount "77"]
[EventDate "2003.05.30"]
[EventType "swiss"]
[EventRounds "13"]
[EventCountry "TUR"]
[SourceTitle "CBM 096"]
[Source "ChessBase"]
[SourceDate "2003.09.25"]
[SourceVersion "1"]
[SourceVersionDate "2003.09.25"]
[SourceQuality "1"]

1. e4 e6 2. d4 d5 3. Nd2 Nf6 4. e5 Nfd7 5. c3 c5 6. Bd3 Nc6 7. Ne2 cxd4 8. cxd4
f6 9. exf6 Nxf6 10. Nf3 Bd6 11. O-O Qc7 12. Bg5 O-O 13. Bh4 Nh5 14. Nc3 a6 15.
Rc1 g6 16. Na4 Bd7 17. Nc5 Rfe8 (17... Rae8 {is the main line. ist die
Hauptvariante.}) (17... Rxf3 $6 18. Qxf3 Nxd4 19. Qg4 $2 (19. Qe3 Bxc5 20. Be7
b6 21. Bxc5 bxc5 22. Qxd4 $14 {/+/-}) 19... Bxc5 20. Bxg6 $2 hxg6 21. Bg3 Qb6
22. Qxg6+ Ng7 23. Be5 Ndf5 $19 {0-1 Gruenfeld,Y-Shachar,E/Tel Aviv 1994/EXT 97
(52)}) 18. b4 Bc8 19. b5 (19. Qa4 Bd7 20. Qa3 Nf4 $132) (19. Re1 Nxb4 $13)
19... axb5 (19... Nxd4 20. Nxe6 (20. Nxd4 Bxc5 21. Nb3 b6 $11) 20... Qxc1 21.
Qxc1 Nxf3+ 22. gxf3 Bxe6 23. bxa6 bxa6 24. Bg3 $14) 20. Bxb5 Nf4 (20... Rxa2 $5
21. Qb3 Ra5 22. Bg5 $14) 21. Bg3 $6 (21. a4 $5) 21... Re7 $6 ({Was spricht
gegen} 21... Rxa2 $14 {?}) 22. Re1 $6 (22. Qd2 $5 Rf7 23. Bxc6 bxc6 24. a4 $16)
22... Qa5 $2 (22... e5 $6 23. Bxc6 bxc6 24. Nxe5 Bxe5 25. dxe5 Ne6 $16) (22...
Rxa2 $5 {war der kritische Test, z.B.} 23. Bxc6 bxc6 24. Ne5 Bxe5 25. Rxe5 Rf7
26. Ra1 Qa7 {und Schwarz kann noch gut kämpfen.}) 23. Bxc6 $18 {gibt Weiß eine
positionelle Gewinnstellung} bxc6 24. a4 Rd7 $6 25. Ne5 Bxe5 26. Rxe5 (26. Nxd7
Bxd7 27. Rxe5 {gewinnt natürlich auch.}) 26... Rf7 27. Qe1 Qxe1+ 28. Rexe1 Nh5
29. Bd6 Ra5 30. Be5 (30. Rb1 $5 $18) 30... Nf6 31. Bxf6 Rxf6 32. g3 (32. Rb1 $5
Ra8 33. Rb6 Rf4 34. Rb4 $18) 32... Rf7 33. Rb1 Raa7 34. Rb8 Rf8 35. Re3 (35.
Rb6 $5) 35... Bd7 36. Reb3 Rxb8 37. Rxb8+ Kf7 38. Rb6 (38. a5 $5) 38... Ke7 39.
f4 $18 1-0

[Event "American Continental 2nd"]
[Site "Buenos Aires"]
[Date "2003.08.21"]
[Round "4"]
[White "Flores, Diego"]
[Black "Claverie, Raul Ricardo"]
[Result "1-0"]
[WhiteElo "2439"]
[BlackElo "2303"]
[Annotator "Mueller,Karsten"]
[PlyCount "61"]
[EventDate "2003.08.17"]
[EventType "swiss"]
[EventRounds "11"]
[EventCountry "ARG"]
[SourceTitle "CBM 097"]
[Source "ChessBase"]
[SourceDate "2003.11.11"]
[SourceVersion "1"]
[SourceVersionDate "2003.11.11"]
[SourceQuality "1"]

1. e4 e6 2. d4 d5 3. Nd2 Nf6 4. e5 Nfd7 5. Bd3 c5 6. c3 Nc6 7. Ngf3 cxd4 8.
cxd4 Qb6 9. O-O Be7 10. a3 a5 (10... g5 11. Kh1 (11. h3 $2 h5 12. Re1 g4 13.
hxg4 hxg4 14. Nh2 g3 15. Ng4 Qxd4 16. Nb3 gxf2+ 17. Nxf2 Qh4 {0-1 Stehning,
M-Kipper,J/Binz 1994/Juniors (17)}) 11... g4 12. Ne1 Qxd4 13. f4 f5 14. exf6
Nxf6 15. Qe2 O-O 16. Nc2 Qb6 17. b4 {1/2-1/2 Gavela,D-Itkis,B/Bucharest 2000/
EXT 2001 (17).}) (10... Nxd4 11. Nxd4 Qxd4 12. Nf3 Qb6 13. Qa4 O-O 14. Qc2 $44)
11. Re1 a4 12. Qc2 $2 (12. b4 g5 13. b5 Nxd4 14. Bb2 Nxb5 15. Qe2 Ra5 16. Rab1
$44) 12... g5 $1 {[%mdl 32]} (12... Nxd4 $2 13. Nxd4 Qxd4 14. Nf3 $44) 13. h3
$6 {gibt Schwarz einen Aufrollpunkt. Allerdings war guter Rat ohnehin bereits
sehr teuer.} (13. Bxh7 $4 g4 $19) 13... h5 14. Nf1 g4 15. hxg4 (15. Ng5 Nxd4
16. Qd1 Nb3 $19) 15... hxg4 16. N3h2 Nxd4 17. Qd1 Nb3 18. Rb1 Nxc1 19. Qxc1 Qd4
20. Bb5 Kd8 $1 21. Qc2 Nxe5 22. Rbd1 Qf4 23. Re4 Qg5 (23... Qf5 $5 24. Ng3 Qh7
25. Nhf1 Nd7 $19) 24. Rc1 Bd6 25. Rxa4 Qh4 $4 {[%mdl 8192]} (25... Rb8 26. Qc3
(26. Ng3 f5 $19) 26... Qh5 $19) 26. Rxa8 Nf3+ 27. gxf3 Bxh2+ 28. Nxh2 Qxh2+ 29.
Kf1 Qh1+ 30. Ke2 Qxf3+ 31. Ke1 (31. Ke1 Rh1+ 32. Bf1 Rxf1+ 33. Kxf1 Qh1+ 34.
Ke2 Qf3+ 35. Ke1 Qh1+ 36. Kd2 Qh6+ 37. Ke2 $18) 1-0

[Event "RUS-chT 09th Group1"]
[Site "Ekaterinburg"]
[Date "2002.05.18"]
[Round "2"]
[White "Nevostrujev, Vladimir"]
[Black "Chigvintsev, Andrei"]
[Result "1-0"]
[WhiteElo "2473"]
[BlackElo "2369"]
[Annotator "Mueller,Karsten"]
[PlyCount "65"]
[EventDate "2002.05.17"]
[EventType "team-tourn"]
[EventRounds "7"]
[EventCountry "RUS"]
[SourceTitle "CBM 090"]
[Source "ChessBase"]
[SourceDate "2002.09.20"]
[SourceVersion "1"]
[SourceVersionDate "2002.09.20"]
[SourceQuality "1"]
[WhiteTeam "Novokuznetsk"]
[BlackTeam "Novosibirsk Transsib"]
[WhiteTeamCountry "RUS"]
[BlackTeamCountry "RUS"]

1. e4 e6 2. d4 d5 3. Nd2 Nf6 4. e5 Nfd7 5. c3 c5 6. Bd3 Nc6 7. Ne2 cxd4 8. cxd4
Nb6 9. O-O Bd7 10. a3 a5 11. Nf3 h6 $6 (11... a4 12. Qd2 (12. Nf4 Na5 13. Nh5
Nbc4 14. Rb1 h6 15. Be3 Qb6 16. Nd2 Nxd2 17. Qxd2 O-O-O 18. Rbc1+ Kb8 19. Rc2
Bb5 20. Nf4 Be7 21. Qe2 Bc4 22. Bxc4 Nxc4 $132 {0-1 Michelsen,S-Whiteley,A/
Oslo Kringsja 1978/MCD-r7 (30)}) 12... Be7 13. Qf4 Na7 14. Nc3 Rc8 15. h4 Nc4
16. Qg4 g6 17. h5 Nb5 18. Ne2 Qb6 $132 {1-0 Adla,D-Fernandez,J/Mar del Plata
1994/EXT 94op (51)}) (11... Be7 12. Bd2 (12. Nc3 a4 13. Qc2 h6 14. Be3 Na5 15.
Nd2 Rc8 16. f4 Nac4 17. Nxc4 Nxc4 18. Bf2 Qa5 19. Rac1 g6 20. g4 $13 {0-1
Romero,D-Vasquez,R/Linares CHI 2000/The Week in Chess 296 (32)}) 12... a4 13.
Rc1 Na5 14. Nf4 Nb3 15. Rc3 Nxd2 16. Qxd2 Rc8 17. Rfc1 Rxc3 18. Rxc3 Bc6 19.
Qc2 g6 20. Qe2 O-O $13 {0-1 Florian,J-Fichtl,J/CSR-ch Ostrava 1960/MCD-ch (31)}
) 12. Nf4 (12. Nc3 Na7 13. Be3 Rc8 14. Nd2 Be7 15. Rc1 (15. Qg4 $5) 15... Na4
16. Qg4 $14 {1-0 Antonio,R-Nadera,B/Makati PHI 2002/The Week in Chess 392 (46)}
) 12... Be7 (12... a4 13. Bd2 Nc4 14. Bxc4 dxc4 15. Qe2 $14 {1/2-1/2 Pokorna,
R-Medic,M/Rijeka CRO 2001/The Week in Chess 334 (31). (30)}) 13. Ne1 Qc7 (13...
Nxd4 $6 14. Ng6 (14. Qg4 $5) 14... Rg8 15. Nxe7 Kxe7 16. Be3 Nc6 17. Nf3 $36) (
13... O-O $2 14. Bc2 a4 15. Qd3 f5 16. exf6 Bxf6 17. Nf3 $16) 14. Qg4 g5 $6 (
14... g6 {macht einen besseren Eindruck.}) 15. Nh5 $1 $14 O-O-O 16. Nc2 f5 {
die Stellung ist für Schwarz schwer zu spielen, da Weiß am Königsflügel gute
Positionen besetzt.} (16... a4 17. f4 (17. Be3 Nc4 18. Rab1 Rdf8 $14) 17...
Rdg8 18. f5 exf5 19. Bxf5 Nxe5 20. dxe5 Qxc2 21. Be3 $14) 17. exf6 Bd6 18. b4
Nc4 19. Rb1 (19. h4 $5) 19... Rhf8 (19... Bxh2+ $5 20. Kh1 Bd6 {verhindert den
Hebel h2-h4 auf radikale Weise.}) 20. h4 $5 {[%mdl 32] eine bemerkenswerte
Öffnung vor dem eigenen König. Doch es zeigt sich, dass die weißen Figuren gut
platziert sind, um die Lage unter Kontrolle zu halten.} (20. f4 $6 e5 (20...
gxf4 $2 21. Qh4 e5 22. dxe5 N6xe5 23. Nxf4 $16) 21. Bf5 exf4 $13) 20... e5 21.
Bf5 exd4 22. Nxd4 Nxd4 23. Bxd7+ Qxd7 24. Qxd4 Qf5 (24... axb4 $5 25. axb4 Be5
26. Qc5+ Kb8 $13) 25. Rb3 axb4 26. axb4 Be5 27. Qd3 $1 {wickelt in ein
besseres Endspiel ab.} Qxd3 (27... Qg4 28. Qh3 Qxh3 29. Rxh3 $14 {/+/-}) 28.
Rxd3 gxh4 (28... Bxf6 $2 29. Nxf6 Rxf6 30. hxg5 $18) 29. g4 hxg3 $2 {dieser
Fehler macht den weißen Bauern f6 sehr stark.} (29... Rg8 30. f3 b5 31. Kg2 $14
{/+/-}) 30. fxg3 Rf7 31. Rf5 (31. Bxh6 $2 Rh8 32. Rc1 Rxh6 (32... Bc7 $2 33.
Rxd5 Nb6 34. Bg7 Nxd5 35. Bxh8 $16) 33. Rxd5 Rxh5 34. Rxc4+ Kb8 35. Re4 Rg5 36.
Rexe5 Rxg3+ 37. Kf2 Rg6 $11) 31... d4 32. Bxh6 Kd7 33. g4 (33. g4 Ke6 34. Kf2 (
34. Rf2 $2 Rg8 35. g5 (35. Bg7 Ne3 36. Nf4+ Kd6 37. g5 Rgxg7 38. fxg7 Rxg7 $13)
(35. Ng7+ Kd5 36. g5 Ne3 $13) 35... Ne3 36. Nf4+ Kf5 37. Ng2+ Ke4 $13) 34...
Nb2 35. Rdf3 d3 36. Ng7+ Kd6 37. Bc1 $18) 1-0